000 00363 a2200121 4500
001 ART_10647
005 20260410161831.0
008 260409a
245 1 0 _aModelos de administración del riesgo
100 1 _aFerrero, Fernando
700 1 _aDíaz, Margarita
773 0 _tActualidad Económica
_g- Año XI, Nº 50 (ene./abr. 2001)
_wREV5083
999 _c23187
_d23187